| 000 | 01422nam a2200325Ia 4500 | ||
|---|---|---|---|
| 003 | OSt | ||
| 005 | 20210906160835.0 | ||
| 008 | 210310s1961 sp ad gr 001 0 spa d | ||
| 040 |
_aCO-JMCR _cCO-JMCR |
||
| 041 | 1 |
_aspa _heng |
|
| 082 | 0 | 4 |
_a339.2 / _bF319e _223 |
| 100 | 1 |
_aFellner, W., _917449 _eautor |
|
| 245 | 1 | 0 |
_aEnsayos sobre la teoría de la distribución de la renta / _cW. Fellner y B.F.Haley ; traducción del inglés por Juan A. Castellano Marco |
| 260 |
_aMadrid : _bAguilar, _c1961 |
||
| 300 |
_axxiv, 616 páginas : _bilustraciones y gráficas a blanco y negro ; _c21 cm. |
||
| 490 | 0 | _aBiblioteca de Ciencias Sociales. Sección primera: economía | |
| 500 | _aIncluye índice de autores y notas a pie de página. Título original: Readings in the theory of income distribution | ||
| 504 | _aBibliografía: páginas 569-610 | ||
| 505 | 0 | _aConcepto de renta y distribución -- La función de producción y la productividad marginal -- Salarios -- El interés -- El beneficio -- La renta | |
| 546 | _aTraducido del inglés. | ||
| 650 | 1 | 4 |
_aProductividad comercial _917451 _xRenta |
| 650 | 2 | 4 |
_aProducción _xRenta _940040 |
| 650 | 2 | 4 |
_aRenta _xDistribución _940041 |
| 650 | 2 | 4 |
_aSalarios _92561 |
| 650 | 2 | 4 |
_aIntereses _xRenta _940042 |
| 650 | 2 | 4 |
_aBeneficios _xRenta _940043 |
| 700 | 1 |
_aHaley, B.F., _eautor _940044 |
|
| 700 | 1 |
_aCastellano Marco, Juan A., _etraductor _940045 |
|
| 942 |
_2ddc _cBK |
||
| 999 |
_c8499 _d8499 |
||